Real property and real people principles of land law

Bibliographic Details
Main Author: Gray, K. J.
Other Authors: Symes, P. D.
Format: Book
Subjects:

MARC

LEADER 00000cam a2200000 7i4500
001 0000001850
005 20050426.0
020 |a 0406591105 
040 |a INS 
090 0 0 |a RKD167   |b G778 1981 
100 1 |a Gray, K. J. 
245 1 0 |a Real property and real people principles of land law   |c K. J. Gray 
300 |a xxxi, 655p. ;   |c ill. ;   |c 25 cm. 
650 0 0 |a Land tenure   |x Law 
650 0 0 |a Real property 
700 1 |a Symes, P. D. 
999 |a 0000000609   |b BOOK   |c Reference   |e Default branch